1902 1534 1665 1171 1868 1970 1907 1089 1482 1786 1861 1532 1156 1119 1622 1007 1804 1881 1945 1886 1737 1228 1757 1274 1678 1679 1724 1593 1388 1470 1069 1534 1018 1341 1467 1776 1083 1846 1321 1078 1180 1537 1969 1784 1842 1366 1731 1783 1314 1713 1352 1985 1492 1276 1951 1812 1112 1034 1478 1437 1071 1230 1704 1552 1138 1800 1754 1927 1615 1058 1557 1697 1218 1751 1550 1017 1991 1424 1260 1713 1242 1889 1296 1241 1017 1477 1169 1244 1905 1085 1182 1075 1349 1868 1476 1008 1092 1714 1713 BCNSPRNW ULIB Ver.6.0+V

เปลี่ยนเป็นภาษาไทย

Change to English
 แสดงรายละเอียดบรรณานุกรม
  กลับหน้าหลัก

Brief Record : Get Marc (ISO 2709) : E-mail record : QR code < ปิดหน้าต่าง
LEADER : 00000nam 2200000uu 4500
001    13399120436
003     ULIB
008    120920s2550||||th 000 0 tha d
020    ^a9789741109838
060 04 ^aWB105^bอ641 2550
245 00 ^aอายุรศาสตร์ฉุกเฉิน =^bEmergency in medicine /^cบรรณาธิการ,ทศพล ลิ้มพิจารณ์กิจ, ศศิโสภิณ เกียรติบูรณกุล, สมนึก สังฆานุภาพ
246 31 ^aEmergency in medicine
250    ^aพิมพ์ครั้งที่ 2
260    ^aกรุงเทพฯ :^bภาควิชาอายุรศาสตร์ คณะแพทยศาสตร์โรงพยาบาลรามาธิบดี มหาวิทยาลัยมหิดล.,^c2550
300    ^axii, 554 หน้า :^bภาพประกอบ ;^c23 ซม.
650  2 ^aEmergency Medicine
650  7 ^aอายุรศาสตร์
700 0  ^aทศพล ลิ้มพิจารณ์กิจ,^eบรรณาธิการ
700 0  ^aศศิโสภิณ เกียรติบูรณกุล,^eบรรณาธิการ
700 0  ^aสมนึก สังฆานุภาพ,^eบรรณาธิการ
710 2  ^aมหาวิทยาลัยมหิดล. ^bคณะแพทยศาสตร์โรงพยาบาลรามาธิบดี.^bภาควิชาอายุรศาสตร์
945    ^p0^l0^i15077
995    ^aัณชพร
999 ^a ใช้งานได้ทุกระบบ
รายการนี้ยังไม่มีแท็ก
คุณยังไม่ได้ล็อกอิน คุณสามารถมีกิจกรรมร่วมกับเว็บไซต์ได้ แต่ต้องล็อกอินก่อน ::
  ล็อกอิน

รายการสื่อสารสนเทศ

ลำดับที่ ประเภท เลขเรียก/บาร์โค้ด สถานที่ สถานะ
1. วิทยาศาสตร์การแพทย์ และสุขภาพ
วิทยาศาสตร์การแพทย์ และสุขภาพ
WB105 อ641 2550  
  Barcode: 15077
ห้องสมุดวิทยาเขตสวรรค์ประชารักษ์
►ส่วนจัดเก็บหนังสือเก่า สปร
บนชั้น
  ขอยืม

รายการใกล้เคียง
    หัวเรื่อง [Emergency Medicine]
    หัวเรื่อง [อายุรศาสตร์]

BibComment


ยังไม่เคยถูกคอมเมนท์

คอมเมนท์ทรัพยากรรายการนี้
  คอมเมนท์: อายุรศาสตร์ฉุกเฉ..


 Copyright 2026. Bcnsprnw @Library